Finančné inžinierstvo

Enregistré dans:
Détails bibliographiques
Auteur principal: Vlachynský, Karol
Autres auteurs: Markovič, Peter, 1974-
Format: Livre
Langue:slovaque
Publié: Bratislava Iura Edition 2001
Collection:Ekonómia
Sujets:
Tags: Ajouter un tag
Pas de tags, Soyez le premier à ajouter un tag!

MARC

LEADER 00000nam a2200000 4500
001 c129715
005 20240502071321.1
020 |a 80-89047-08-4 
041 0 |a slo 
044 |a SK 
245 1 0 |a Finančné inžinierstvo  |c Karol Vlachynský, Peter Markovič 
264 1 |a Bratislava  |b Iura Edition  |c 2001 
300 |a 387 s.  |e 1 CD-ROM 
490 1 |a Ekonómia 
830 0 |a Ekonómia 
610 2 0 |a inžinierstvo finančné 
610 2 0 |a forwardy 
610 2 0 |a futurity 
610 2 0 |a opcie 
610 2 0 |a swap 
610 2 0 |a nástroje finančné 
610 2 0 |a deriváty 
610 2 0 |a portfólio 
610 2 0 |a papiere cenné 
610 2 0 |a obligácie 
610 2 0 |a hedging 
100 1 |a Vlachynský, Karol 
700 1 |a Markovič, Peter, 1974-